Modification of plastified soft PVC by epoxidized natural rubber (Record no. 63113)

MARC details
000 -LEADER
fixed length control field 00511nam a2200145Ia 4500
100 ## - MAIN ENTRY--AUTHOR NAME
Personal name Rzymski W M
245 #0 - TITLE STATEMENT
Title Modification of plastified soft PVC by epoxidized natural rubber
260 ## - PUBLICATION, DISTRIBUTION, ETC. (IMPRINT)
Name of publisher International Rubber Conference 1997. Rubber Science and Technology: Improving Quality of Life, Kuala Lumpur, Malaysia 6-9 Oct 1997; p1089-1093
650 ## - SUBJECT ADDED ENTRY--TOPICAL TERM
Topical Term Epoxidised natural rubber
650 ## - SUBJECT ADDED ENTRY--TOPICAL TERM
Topical Term PVC
700 ## - ADDED ENTRY--PERSONAL NAME
Personal name Szczesio M
700 ## - ADDED ENTRY--PERSONAL NAME
Personal name Wozniak E
942 ## - ADDED ENTRY ELEMENTS (KOHA)
Koha item type Journals
Holdings
Withdrawn status Lost status Damaged status Not for loan Home library Current library Shelving location Date acquired Koha item type
      Journals RRII Library RRII Library Rubber chemistry 17/12/2021 Journals